000 01068nam a2200253 i 4500
001 183899
003 ES-MaACL
005 20251004063225.0
008 141119s1891 sp |||| | spa d
100 1 _aPí y Molist, Emilio,
_d1824-1892
_9131117
245 1 0 _aCrítica y comento de la Estafeta de los muertos :
_bopúsculo de los Dres. D. Luis Comenge y D. José de Letamendi ; con un prólogo del Dr. D. Enrique Suénder /
_cpor el Dr. D. Emilio Pi y Molist.
250 _a3ª ed.
260 _aMadrid :
_b[s.n.],
_c1891 (
_fImp. de Fortanet)
300 _a24 p. ;
_c24 cm.
530 _aDisponible en formato digital.
600 1 7 _aComenge y Ferrer, Luis,
_d1854-1916
_2
_9126554
600 1 4 _aLetamendi, José de,
_d1828-1897
_971873
650 4 _aMédicos-
_zEspaña-
_vBiografías.
_9144463
700 1 _aSuénder, Enrique (
_d1829-1897)
_9108728
740 0 2 _aEstafeta de los muertos.
852 _aES-MaACL
_jT-1111-F-6
856 _uhttp://bdh-rd.bne.es/viewer.vm?id=0000149103&page=1
_zBiblioteca Digital Hispánica
999 _c183899
_d183899